Integrated control of pest slugs using nematodes and other methods /

Guardado en:
Autor Corporativo: University of Bristol. (England). Departament of Agricultural Science.
Otros Autores: Vernavá, María Natalia. (Disertante), Glen, David M. (Orientador)
Formato: Libro
Idioma:English
Publicado: 2000.
Etiquetas: Agregar Etiqueta
Sin Etiquetas, Sea el primero en etiquetar este registro!
LEADER 00762nam a22001935a 4500
001 EEA.libagro006813
005 20180611124459.0
008 130809s2000####xxka##########000#0#eng#d
082 0 4 |a 632.96 
082 0 4 |a 632.6438 
100 1 |a Vernavá, María Natalia.  |4 dis 
245 1 0 |a Integrated control of pest slugs using nematodes and other methods /  |c María Natalia Vernavá. 
260 |c 2000. 
300 |a xxi, 148 p. :  |b il. ;  |c 30 cm. 
500 |a Director de tesis: David M. Glen. 
502 |a Thesis of Master of Science. University of Bristol. Departament of Agricultural Science. 2000. 
700 1 |a Glen, David M.  |4 ths 
710 2 |a University of Bristol. (England).  |b Departament of Agricultural Science. 
859 |a AR-BbBCA  |b BIB. AGRONOMIA  |h 632.96  |i V529  |p 2001/4179